Niño soñador. / (Registro nro. 7274)

Detalles MARC
000 -LIDER
fixed length control field 00694nam a2200241 a 4500
001 - NÚMERO DE CONTROL
Identificador de número de control 000044361
003 - IDENTIFICACDOR DE NÚMERO DE CONTROL
control field DO-SdBNP
005 - DATE AND TIME OF LATEST TRANSACTION
control field 20171103105023.0
007 - CAMPOS FIJOS DE DESCRIPCIÓN FÍSICA
fixed length control field 000044361
008 - ELEMENTOS DE LONGITUD FIJA
fixed length control field 140624s2008 dr a 000 j spa d
020 ## - ISBN
International Standard Book Number 9789945421415
040 ## - FUENTE DE CATALOGACIÓN
Agencia que crea de manera original el registro BPMSU
Idioma de catalogación spa
Agencia que realiza la transcripción BPMSU
100 1# - ASIENTO PRINCIPAL -- NOMBRE PERSONAL
Nombre personal Damirón, Anya
245 10 - MENCIÓN DE TITULO
Título Niño soñador. /
Mención de responsabilidad Anya Damirón; ilustraciones Pablo Pino.
260 ## - PUBLICACIÓN, DISTRIBUCIÓN, ETC. (PIE DE IMPRENTA)
Lugar de publicación, distribución, etc Santo Domingo, :
Nombre del editor, distribuidor, etc. Lucia´Stories,
Fecha de publicación, distribución, etc 2008.
300 ## - DESCRIPCIÓN FÍSICA
Extensión 14 p. :
Otros detalles físicos il. ;
Dimensiones 26 cm.
490 1# - MENCIÓN DE SERIES
Mención de serie Los cuentos de Lucia
700 12 - ASIENTO SECUNDARIO -- NOMBRE PERSONAL
Nombre personal Pino, Pablo
830 #0 - ASIENTO SECUNDARIO DE SERIE--TÍTULO UNIFORME
Título uniforme Los cuentos de Lucia
942 ## - ADDED ENTRY ELEMENTS (KOHA)
Source of classification or shelving scheme Dewey Decimal Classification
Koha item type Libros
945 ## - INFORMACIÓN DE PROCESAMIENTO LOCAL
Información de procesamiento local Invetariado infantil dom / 2017 VM
956 ## - LOCAL ELECTRONIC LOCATION AND ACCESS (OCLC)
Nombre de host VMATEO
Número de acceso 10
Información de compresión 20150225
Inicio de sesión BPMSU
Procesador de solicitud 0069
Existencias
Withdrawn status Lost status Source of classification or shelving scheme Damaged status Not for loan Collection code Home library Current library Date acquired Source of acquisition Total Checkouts Barcode Date last seen Price effective from Koha item type Copy number
    Dewey Decimal Classification     Colección Infantil Dominicana Biblioteca Pública Metropolitana Salomé Ureña Biblioteca Pública Metropolitana Salomé Ureña 01/28/2015 Donacion   BPMSU15040885 01/28/2015 01/28/2015 Libros  
    Dewey Decimal Classification     Colección Infantil Dominicana Biblioteca Pública Metropolitana Salomé Ureña Biblioteca Pública Metropolitana Salomé Ureña 01/28/2015 Donación   BPMSU15040886 01/28/2015 01/28/2015 Libros e. 2
    Dewey Decimal Classification     Colección Infantil Dominicana Biblioteca Pública Metropolitana Salomé Ureña Biblioteca Pública Metropolitana Salomé Ureña 01/28/2015 Donación   BPMSU15040887 01/28/2015 01/28/2015 Libros e. 3